=LDR 00000nam 2200000 4500 =001 INLIS000000000028631 =005 20130612130923 =008 ***********************************Ind** =035 ##$$0010-061300000028631 =041 ##$$a Ind =082 ##$$a 495.7 =090 ##$$a 495.7, Dem b =100 ##$$a ; De Mente, Boye Lafayette =245 ##$$a Belajar cepat bahasa korea praktis dan menyenangkan, oleh Boye Lafayatte De Mente =260 ##$$a 2007 $b Yogyakarta =300 ##$$a 202 hlm, 21 cm =650 ##$$a Belajar Cepat bahasa Korea =850 ##$$a NBPNMAT =990 ##$$a 0569/PN/2014 =990 ##$$a 94090/BPAP-NTB/2014 =990 ##$$a 21195572/BPAP-NTB/2014 =990 ##$$a 0001/BPAP-NTB/20142014 =990 ##$$a 0001/BPAP-NTB/2016